| 000 | 00451nam a22000977a 4500 | ||
|---|---|---|---|
| 008 | 150730b xxu||||| |||| 00| 0 eng d | ||
| 010 | _8 HCCRSARF: 039 | ||
| 245 | _aHIGH COURT CRIMINAL SESSION No. 110 of 1990 Uganda Vs Gabriel Mulenzi | ||
| 260 | _aHigh Court Kampala | ||
| 500 | _3Before Hon.Mr. Justice L.E.P. Mukasa-Kikonyogo | ||
| 999 |
_c8376 _d8376 |
||